00663 2200241 4500001002100000005001700021008004100038020001800079035002400097082001300121090002500134100002400159245006200183250001100245260003200256300001900288500002700307650002900334850001600363980001400379985000600393999002200399YOGYA-0209000006858120090227092239.0 ind  a979-222-206-5 0010-020900000068581 a658.8343 a658.8343bWil JlDEP aWILOPO, Cahyo Harry aJurus jitu membangun merek untuk UKMcTjahjo Harry Wilopo aCet. 1 aYogyakartabMad Pressc2007 a112 hlmc18 cm aBibliografi : hlm. 111 aMerek dagang - Manajemen aYOPDYOG (M) a19-2-2008 a1 aCB-D.11 2007-735h